| 000 | 02378cam a22001934a 4500 | ||
|---|---|---|---|
| 005 | 20250605164405.0 | ||
| 008 | 250528s ||||||||||||||||||||||||d | ||
| 035 | _a24777 | ||
| 040 |
_aGR-AtMCL _bgre _dGR-AtMCL _eAACR2 |
||
| 245 | 1 | _aΗ Θάλασσα είναι Ζωή / Επετειακό Λεύκωμα | |
| 260 |
_bΕλληνική Ένωση Προστασίας Θαλάσσιου Περιβάλλοντος, _c2022 |
||
| 300 | _a298 | ||
| 520 | _aΧαιρετισμοί, Ιστορικό Αφιέρωμα, Η Δημιουργία της Ελληνικής Ένωσης Προστασίας Θαλάσσιου Περιβάλλοντος, Η Ελλάδα κατά την Πρώιμη και Μέση Μεταπολίτευση, Η Ελληνική Ναυτιλία σε Κρίσιμο Σταυροδρόμι, Η Έννοια της Περιβαλλοντικής Συνείδησης, Η Ίδρυση της Helmera, Ιδρυτικά Μέλη, Τα Μέλη της Helmera, Η Πρώτη Διοίκηση, Οι Πρώτες Πρωτοβουλίες, Η Κοινωνική Παρέμβαση και Δράση, Εξωστρέφεια και Διεθνής Παρουσία, Εκπαίδευση και Επιμόρφωση, 40 Χρόνια Δράσεων, Επιμόρφωση και Εκπαιδευτικά Προγάμματα, Διεθνής Παρουσία και Συνέργειες, Οι 'Αδερφές' Ενώσεις, Κοινωνική Ευαισθητοποίηση και Εθελοντισμός, Παιδική Helmera, Νέες Προκλήσεις και Νέες Προσδοκίες, Η Νέα Εκπαιδευτική Προσέγγιση, Ένταση της Εξωστρέφειας στην Πορεία προς το Μέλλον, Συνεργασίες και Δικτύωση, Η Περιβαλλοντική Ευαισθητοποίηση στην Αυγή της Νέας Εποχής, Πανελλήνιος Διαγωνισμός Παιδικής Ζωγραφικής, Μια Ανοιχτή Πλατφόρμα Ευαισθητοποίησης και Συμμετοχικής Εγρήγορσης και Κινητοποίησης, Φωτογραφικό Αφιέρωμα. | ||
| 700 | 1 |
_aΓερασίμου Ευδοκία _99539 |
|
| 700 | 1 |
_aΣταυροπούλου Όλγα _99540 |
|
| 942 | _cBK | ||
| 999 |
_c9628 _d9628 |
||